00601nam a22002057a 450000500170000001000130001702000220003003500130005203700160006504000120008108200150009310000170010824500780012526000430020327000550024630000260030150000190032765000260034665000230037220170124110206.0 aA-574332 c00.00a8122404286 aA-574332 bCen Lib/Ret aDPLbEN a001.4bNAL aNalwa, Vanit aThe abc of research :cby Vanit Nalwa bbehavioural & social sciences / aNew DelhibWiley Eastern Limitedc1992 a4835/24, Ansari Road Darya GanjbNew Delhie110002 aviii, 97p. c21cm(Hb) aIncludes index aEducational research aResearch Methology